Stick Out Your Tongue : (Record no. 597479)

MARC details
000 -LEADER
fixed length control field 00479nam a2200193 a 4500
008 - FIXED-LENGTH DATA ELEMENTS--GENERAL INFORMATION
fixed length control field 251113s2007##################000#0#eng##
020 ## - INTERNATIONAL STANDARD BOOK NUMBER
ISBN 9780099481331
082 04 - DEWEY DECIMAL CLASSIFICATION NUMBER
Classification number 895.1352JIA
100 1# - MAIN ENTRY--AUTHOR NAME
Personal name Ma, Jian,
245 10 - TITLE STATEMENT
Title Stick Out Your Tongue :
260 ## - PUBLICATION, DISTRIBUTION, ETC. (IMPRINT)
Name of publisher Random House,
Year of publication 2007.
300 ## - PHYSICAL DESCRIPTION
Number of Pages 98 pages
650 #0 - SUBJECT ADDED ENTRY--TOPICAL TERM
Topical Term Fiction.
942 ## - ADDED ENTRY ELEMENTS (KOHA)
Koha item type English Books
Holdings
Withdrawn status Lost status Damaged status Not for loan Home library Current library Date acquired Full call number Accession Number Price effective from Koha item type
        Anna Centenary Library Anna Centenary Library 14.11.2025 895.1352JIA 342167 14.11.2025 English Books

Find us on the map